| 000 | 00725 a2200193 4500 | ||
|---|---|---|---|
| 001 | 131169 | ||
| 020 | _a85-08-04179-X | ||
| 040 | _cLeonardo Da Vinci | ||
| 041 | _aPortuguês | ||
| 082 |
_a540 N327q _bN327q |
||
| 100 | _aNEHMI, Victor A | ||
| 245 |
_aQuímica _bfísico-química |
||
| 250 | _a2.ed. v.2 | ||
| 260 |
_bÁtica _c1995 _aSão Paulo |
||
| 300 | _a271 | ||
| 362 | _a19950000 | ||
| 697 |
_aQuímica _aFísico-química _aSoluções _aPropriedades coligativas _aTermoquímica _aCinética _aEquilíbrios químicos _aSistemas homogêneos _aSistemas heterogênos _aEquilíbrios iônicos _aReações químicas _aEletroquímica _aReações nucleares _aPilha _aEletrólise _aColóides _aRadioatividade _aEnsino Médio |
||
| 942 | _cBK | ||
| 999 |
_c131169 _d131169 |
||